Statystyki dla Największe aglomeracje w Kanadzie

Kliknij tutaj aby rozwiązać quiz!

Ogólne statystyki

  • Ten quiz został rozwiązany 78 razy
  • Średni wynik to 8 z 20

Statystyki odpowiedzi

MiejsceMieszkańcyNazwa% Poprawnych
6.989 657Aglomeracja Ottawa–Gatineau
99%
1.5 429 524Aglomeracja Toronto
99%
3.2 264 823Aglomeracja Vancouverska
93%
2.3 519 595Aglomeracja Montrealska
90%
8.705 103Aglomeracja Quebec City
71%
5.1 062 643Aglomeracja Edmontońska
66%
4.1 237 656Aglomeracja Calgarska
59%
7.711 925Aglomeracja Winnipeg
50%
13.316 701Aglomeracja Halifax
28%
9.693 645Aglomeracja Hamilton
25%
12.335 696Aglomeracja Victoria
21%
11.383 437Aglomeracja Londyńska
18%
16.245 181Aglomeracja Saskatoon
16%
19.178 427Aglomeracja St. John's
16%
18.214 631Aglomeracja Regina
15%
15.287 069Aglomeracja Windsor
7%
17.229 246Aglomeracja St. Catharines–Niagara Falls
6%
20.151 957Aglomeracja Kelowna
4%
10.470 015Aglomeracja Kitchener
4%
14.308 875Aglomeracja Oshawa
1%

Rozkład punktacji

Percentyl według liczby udzielonych odpowiedzi

Procent ludzi z każdym wynikiem

Twoja historia wyników

Nie rozwiązałeś tego quizu